[Event "I Open Odisseias"]
[Site "Lisboa POR"]
[Date "2015.08.12"]
[Round "5.7"]
[White "Preto, Daniel"]
[Black "Santos, António P"]
[Result "0-1"]
[WhiteElo "2076"]
[BlackElo "2211"]
[WhiteFideId "1928066"]
[BlackFideId "1900161"]
[BlackTitle "FM"]
[PlyCount "92"]
[EventDate "2015.??.??"]

1. Nf3 Nf6 2. c4 c5 3. Nc3 e6 4. g3 b6 5. Bg2 Bb7 6. O-O Be7 7. d3 O-O 8. e4 d6
9. Re1 Nbd7 10. h3 a6 11. b3 Qc7 12. Bb2 Ne5 13. Nh2 Nc6 14. Ne2 e5 15. f4 Nd4
16. f5 b5 17. Nc3 b4 18. Ne2 a5 19. g4 h6 20. Ng3 a4 21. Bxd4 exd4 22. Qd2 Nd7
23. Nh5 Bg5 24. Qe2 g6 25. Ng3 d5 26. Ngf1 Rfe8 27. cxd5 Bxd5 28. Qc2 axb3 29.
axb3 Bc6 30. Nf3 Bf4 31. fxg6 fxg6 32. Qc4+ Kg7 33. Rxa8 Rxa8 34. Qe6 Nf8 35.
Qc4 Ra5 36. Qc2 Ne6 37. Qc4 Qe7 38. Qc2 Bb5 39. e5 Qa7 40. Qe2 Qa6 41. Rd1 Ra2
42. Qe4 Bc6 43. Qe1 Qa8 44. Qh4 Rxg2+ 45. Kxg2 Bxf3+ 46. Kf2 g5 0-1

[Event "I Open Odisseias"]
[Site "Lisboa POR"]
[Date "2015.08.12"]
[Round "5.8"]
[White "Guerra, Vítor"]
[Black "Brunier, Jules"]
[Result "1-0"]
[WhiteElo "2208"]
[BlackElo "2029"]
[WhiteFideId "1901095"]
[BlackFideId "655970"]
[WhiteTitle "NM"]
[PlyCount "119"]
[EventDate "2015.??.??"]

1. d4 d5 2. Nf3 c6 3. g3 Nf6 4. Bg2 e6 5. O-O Bd6 6. c4 O-O 7. Nc3 a6 8. a4
Nbd7 9. Nd2 b6 10. e4 dxe4 11. Ndxe4 Nxe4 12. Nxe4 Be7 13. Qc2 Bb7 14. Rd1 Rc8
15. b3 b5 16. axb5 cxb5 17. Ng5 Bxg5 18. Bxg5 Qxg5 19. Bxb7 Rc7 20. Bxa6 bxc4
21. bxc4 Nb6 22. Qb3 Rb8 23. Rab1 h5 24. Qe3 Qa5 25. Ra1 Qf5 26. Rac1 h4 27.
Rd2 Qa5 28. Bb5 Nd5 29. Qe1 Rbc8 30. Ra1 Qb6 31. cxd5 Qxb5 32. dxe6 fxe6 33.
Qxe6+ Kh8 34. Re1 Rc1 35. Rdd1 Qb1 36. Rxc1 Rxc1 37. Qe8+ Kh7 38. Qh5+ Kg8 39.
Qd5+ Kh8 40. Qd8+ Kh7 41. Qxh4+ Kg8 42. Qd8+ Kh7 43. Rxc1 Qxc1+ 44. Kg2 Qe1 45.
Qh4+ Kg8 46. Qf4 Qe6 47. Qe5 Qc6+ 48. d5 Qb7 49. h4 Qb4 50. h5 Qd2 51. g4 Qd1
52. Kg3 Qd3+ 53. f3 Qf1 54. Kf4 Qc1+ 55. Kf5 Qc2+ 56. Kg5 Qd2+ 57. f4 Qh2 58.
Kg6 Qc2+ 59. f5 Qc7 60. Qe8# 1-0

[Event "I Open Odisseias"]
[Site "Lisboa POR"]
[Date "2015.08.12"]
[Round "5.9"]
[White "Marques, Rui"]
[Black "Santos, José Alves"]
[Result "0-1"]
[WhiteElo "2030"]
[BlackElo "2182"]
[WhiteFideId "1903390"]
[BlackFideId "1900366"]
[BlackTitle "NM"]
[PlyCount "124"]
[EventDate "2015.??.??"]

1. e4 e5 2. Nf3 Nc6 3. d4 exd4 4. Nxd4 Bc5 5. Be3 Qf6 6. Nb5 Bxe3 7. fxe3 Qd8
8. Qg4 Kf8 9. N1c3 a6 10. Nd4 Nxd4 11. exd4 d5 12. Qf4 dxe4 13. O-O-O Nf6 14.
Nxe4 Nxe4 15. Qxe4 c6 16. Bc4 Qg5+ 17. Kb1 Bf5 18. Qe5 h6 19. Rhf1 Bg6 20. Qc7
Qe7 21. Qxe7+ Kxe7 22. Rde1+ Kf8 23. Kc1 Re8 24. Kd2 h5 25. h4 Rxe1 26. Rxe1 f6
27. c3 Bf7 28. Bxf7 Kxf7 29. Kd3 Rh6 30. Re3 Rg6 31. g3 Rg4 32. Ke2 g5 33. hxg5
Rxg5 34. Kf3 Rb5 35. b4 Rg5 36. Kf4 Rg4+ 37. Kf3 b5 38. Re1 Rg8 39. a4 Re8 40.
Ra1 Ke6 41. axb5 axb5 42. Ra7 Kd5 43. Rh7 Kc4 44. Rxh5 Kxc3 45. Rc5+ Kxb4 46.
Rxc6 Ka3 47. Ra6+ Kb3 48. Kf4 b4 49. Kf5 Rd8 50. Ke4 Rg8 51. Rxf6 Rxg3 52. d5
Kc2 53. Rb6 b3 54. d6 b2 55. Ke5 Rb3 56. Rc6+ Kd2 57. d7 Rb5+ 58. Ke6 b1=Q 59.
d8=Q+ Ke2 60. Qd4 Qg6+ 61. Kd7 Rb7+ 62. Rc7 Qf7+ 0-1

[Event "I Open Odisseias"]
[Site "Lisboa POR"]
[Date "2015.08.12"]
[Round "5.10"]
[White "Morais, Vítor"]
[Black "Reis, Luís Sousa"]
[Result "0-1"]
[WhiteElo "1969"]
[BlackElo "2175"]
[WhiteFideId "1900552"]
[BlackFideId "1900609"]
[WhiteTitle "NM"]
[BlackTitle "NM"]
[PlyCount "56"]
[EventDate "2015.??.??"]

1. b3 e5 2. Bb2 Nc6 3. e3 d5 4. Bb5 Bd6 5. f4 f6 6. Nh3 Nge7 7. O-O O-O 8. fxe5
fxe5 9. Qh5 a6 10. Bd3 Rxf1+ 11. Bxf1 Bf5 12. d3 Bg6 13. Qh4 Nf5 14. Qf2 Bc5
15. Bc1 Qf6 16. Nc3 Rd8 17. g4 Nfe7 18. Qxf6 gxf6 19. Bd2 d4 20. exd4 Nxd4 21.
Kg2 Nxc2 22. Rc1 Nb4 23. Ne4 Nxd3 24. Bxd3 Rxd3 25. Nhf2 Bxf2 26. Kxf2 Bxe4 27.
Rxc7 Rxd2+ 28. Ke3 Nd5+ 0-1

[Event "I Open Odisseias"]
[Site "Lisboa POR"]
[Date "2015.08.12"]
[Round "5.11"]
[White "Elias, Rúben"]
[Black "Ferreira, Luís Pedro"]
[Result "0-1"]
[WhiteElo "1813"]
[BlackElo "2126"]
[WhiteFideId "1906453"]
[BlackFideId "1925393"]
[PlyCount "102"]
[EventDate "2015.??.??"]

1. e4 c6 2. d4 d5 3. Nc3 dxe4 4. Nxe4 Bf5 5. Ng3 Bg6 6. h4 h6 7. h5 Bh7 8. Nf3
Nd7 9. Bd3 Bxd3 10. Qxd3 e6 11. Bd2 Ngf6 12. O-O-O Bd6 13. Ne4 Nxe4 14. Qxe4
Nf6 15. Qe2 Qc7 16. Ne5 Nd7 17. f4 Nf6 18. c4 O-O-O 19. Bc3 c5 20. g4 Bxe5 21.
dxe5 Nd7 22. Rd6 Nb8 23. Rhd1 Rd7 24. Qd2 Rhd8 25. f5 Nc6 26. Rxd7 Rxd7 27.
Qxd7+ Qxd7 28. Rxd7 Kxd7 29. fxe6+ Kxe6 30. Kd2 Nxe5 31. b3 f6 32. Ke3 Nxg4+
33. Kf4 Ne5 34. Ke4 Nd7 35. Be1 f5+ 36. Kd3 Nf6 37. Bf2 Kd6 38. b4 cxb4 39.
Bxa7 Nxh5 40. Kd4 Nf6 41. Bc5+ Ke6 42. Bxb4 Nd7 43. a4 h5 44. Be1 g5 45. a5 h4
46. c5 Ne5 47. Bf2 Nc6+ 48. Kc4 Nxa5+ 49. Kb5 Nc6 50. Kb6 Kd5 51. Kxb7 f4 0-1

[Event "I Open Odisseias"]
[Site "Lisboa POR"]
[Date "2015.08.12"]
[Round "5.12"]
[White "Bolhari, Orfeh"]
[Black "Prata, José"]
[Result "1-0"]
[WhiteElo "2085"]
[BlackElo "1947"]
[WhiteFideId "12505218"]
[BlackFideId "1901303"]
[PlyCount "55"]
[EventDate "2015.??.??"]

1. e4 e6 2. d4 d5 3. Nc3 Bb4 4. e5 c5 5. a3 Bxc3+ 6. bxc3 Ne7 7. Qg4 Qc7 8.
Qxg7 Rg8 9. Qxh7 cxd4 10. Ne2 Nbc6 11. f4 Bd7 12. Qd3 dxc3 13. Qxc3 Nf5 14. Rb1
O-O-O 15. h4 Kb8 16. h5 Ka8 17. h6 Rg6 18. h7 Rh8 19. Be3 Ng3 20. Nxg3 Rxg3 21.
Qd2 d4 22. Bf2 Rxa3 23. Bd3 Be8 24. Bh4 Nxe5 25. Bf6 Nxd3+ 26. cxd3 Rc3 27.
Bxh8 Rc2 28. Be5 1-0

[Event "I Open Odisseias"]
[Site "Lisboa POR"]
[Date "2015.08.12"]
[Round "6.1"]
[White "Moradiabadi, Elshan"]
[Black "Ulyanovskyy, Viktor"]
[Result "1-0"]
[WhiteElo "2521"]
[BlackElo "2348"]
[WhiteFideId "12501255"]
[BlackFideId "14113350"]
[WhiteTitle "GM"]
[BlackTitle "FM"]
[PlyCount "97"]
[EventDate "2015.??.??"]

1. d4 Nf6 2. c4 e6 3. Nf3 d5 4. Nc3 Be7 5. Bf4 c6 6. e3 O-O 7. h3 Re8 8. Qc2
dxc4 9. Bxc4 b5 10. Bd3 Bb7 11. e4 h6 12. O-O a6 13. Rad1 Nbd7 14. e5 Nd5 15.
Nxd5 cxd5 16. Qd2 Rc8 17. Bb1 Nf8 18. Nh2 Rc4 19. b3 Rc7 20. Ng4 Bg5 21. Bxg5
Qxg5 22. f4 Qh4 23. Rf3 Rec8 24. Rdf1 Bc6 25. f5 exf5 26. Ne3 Ne6 27. Nxf5 Qg5
28. Qf2 Be8 29. Rg3 Qh5 30. Nxg7 Nxg7 31. Qf6 Qg5 32. Rxg5 hxg5 33. Qh6 Rc1 34.
Qh7+ Kf8 35. Qh8+ Ke7 36. Qxg7 Rxf1+ 37. Kxf1 Rc1+ 38. Kf2 Rxb1 39. Qxg5+ Kf8
40. Qh6+ Kg8 41. Qxa6 b4 42. Qa8 Kf8 43. h4 Rh1 44. Kg3 Ke7 45. Qxd5 Bd7 46.
Qd6+ Ke8 47. Qxb4 Bc6 48. Qb8+ Ke7 49. Qd6+ 1-0

[Event "I Open Odisseias"]
[Site "Lisboa POR"]
[Date "2015.08.12"]
[Round "6.2"]
[White "Dâmaso, Rui"]
[Black "Pereira, António Caramez"]
[Result "1-0"]
[WhiteElo "2396"]
[BlackElo "2093"]
[WhiteFideId "1900030"]
[BlackFideId "1904485"]
[WhiteTitle "IM"]
[PlyCount "58"]
[EventDate "2015.??.??"]

1. d4 d5 2. c4 e6 3. Nc3 Be7 4. cxd5 exd5 5. Bf4 c6 6. e3 Nf6 7. Bd3 O-O 8.
Nge2 Re8 9. O-O Nbd7 10. Ng3 Nf8 11. Nf5 Bxf5 12. Bxf5 Ng6 13. Be5 Nd7 14. Bg3
Bh4 15. Qg4 Bxg3 16. Bxd7 Re7 17. Qxg3 Qxd7 18. Rfc1 Rc8 19. b4 Ree8 20. a4 Ne7
21. a5 a6 22. Na4 Qc7 23. Qg4 Rcd8 24. Nc5 Nc8 25. Re1 Nd6 26. Qg3 Qc8 27. Rac1
Ne4 28. Qf4 Rd6 29. Nxe4 Rdd8 1-0

[Event "I Open Odisseias"]
[Site "Lisboa POR"]
[Date "2015.08.12"]
[Round "6.3"]
[White "Santos, José Alves"]
[Black "Rocha, Sérgio"]
[Result "0-1"]
[WhiteElo "2182"]
[BlackElo "2421"]
[WhiteFideId "1900366"]
[BlackFideId "1900404"]
[WhiteTitle "NM"]
[BlackTitle "IM"]
[PlyCount "60"]
[EventDate "2015.??.??"]

1. e4 c5 2. c3 d6 3. d4 Nf6 4. Bd3 Nc6 5. Ne2 g6 6. O-O Bg7 7. d5 Ne5 8. Bb5+
Ned7 9. Ng3 a6 10. Ba4 b5 11. Bc2 h5 12. f4 h4 13. Ne2 h3 14. g3 Qc7 15. Kh1
Bb7 16. Be3 Kf8 17. Nd2 Ng4 18. Bg1 Ndf6 19. c4 Re8 20. Rc1 e6 21. Nf3 exd5 22.
exd5 bxc4 23. Nc3 Rh5 24. f5 gxf5 25. Ba4 Re4 26. Nh4 Re5 27. Nf3 Nxd5 28. Re1
Rxe1 29. Qxe1 Ne5 30. Qe2 Nf4 0-1

[Event "I Open Odisseias"]
[Site "Lisboa POR"]
[Date "2015.08.12"]
[Round "6.4"]
[White "Reis, Luís Sousa"]
[Black "Martinez, Lelys"]
[Result "0-1"]
[WhiteElo "2175"]
[BlackElo "2541"]
[WhiteFideId "1900609"]
[BlackFideId "3504727"]
[WhiteTitle "NM"]
[BlackTitle "GM"]
[PlyCount "44"]
[EventDate "2015.??.??"]

1. d4 d5 2. c4 c6 3. Nc3 Nf6 4. Nf3 a6 5. e3 b5 6. b3 Bg4 7. h3 Bxf3 8. Qxf3 e5
9. c5 Nbd7 10. Be2 g6 11. g4 Bg7 12. Bb2 O-O 13. h4 Re8 14. h5 exd4 15. exd4
Ne4 16. Nxe4 Rxe4 17. O-O-O Qf6 18. hxg6 hxg6 19. Rh3 Rae8 20. Qxf6 Bxf6 21.
Bf3 Rf4 22. Kb1 Nf8 0-1

[Event "I Open Odisseias"]
[Site "Lisboa POR"]
[Date "2015.08.12"]
[Round "6.5"]
[White "Silva, Luís M"]
[Black "Guerra, Vítor"]
[Result "1-0"]
[WhiteElo "2320"]
[BlackElo "2208"]
[WhiteFideId "1919121"]
[BlackFideId "1901095"]
[WhiteTitle "FM"]
[BlackTitle "NM"]
[PlyCount "123"]
[EventDate "2015.??.??"]

1. d4 d5 2. c4 e5 3. dxe5 d4 4. Nf3 Nc6 5. a3 a5 6. Nbd2 Bc5 7. Nb3 Ba7 8. c5
a4 9. Nbxd4 Bxc5 10. e3 Nge7 11. Bb5 Bd7 12. Be2 Ng6 13. Qc2 Bb6 14. Nxc6 Bxc6
15. O-O O-O 16. Bd2 Ba5 17. Bc3 Qe7 18. Rac1 Rfe8 19. Bd4 Rad8 20. h3 h6 21.
Rfd1 Bb6 22. Qc3 Qe6 23. Qb4 Qb3 24. Qxb3 axb3 25. Bc4 Bxf3 26. gxf3 Nxe5 27.
Bxe5 Rxd1+ 28. Rxd1 Rxe5 29. Bxb3 Rb5 30. Rd3 Kf8 31. f4 Ke7 32. Kf1 g5 33.
fxg5 hxg5 34. Ke2 Bc5 35. Kd1 Bd6 36. Kc2 Rf5 37. Rd2 Rf3 38. Bd5 Rxh3 39. Bxb7
Rh8 40. Rd3 Rh2 41. Rd2 Rh8 42. Be4 Be5 43. b4 Bd6 44. Kb3 Ke6 45. Bd5+ Ke7 46.
b5 Rh4 47. f3 Rh1 48. Bc6 Ra1 49. Ra2 Re1 50. a4 Rxe3+ 51. Kc4 Ra3 52. Rxa3
Bxa3 53. a5 Bc1 54. Kd4 Bb2+ 55. Kd3 Ba3 56. Kc4 Bc1 57. Kd3 Ba3 58. Kd4 Bb2+
59. Kd5 Bc1 60. b6 cxb6 61. a6 b5 62. a7 1-0

[Event "I Open Odisseias"]
[Site "Lisboa POR"]
[Date "2015.08.12"]
[Round "6.6"]
[White "Ferreira, Luís Pedro"]
[Black "Foisor, Sabina-Francesca"]
[Result "0-1"]
[WhiteElo "2126"]
[BlackElo "2223"]
[WhiteFideId "1925393"]
[BlackFideId "1212915"]
[BlackTitle "WGM"]
[PlyCount "62"]
[EventDate "2015.??.??"]

1. e4 e5 2. Nf3 Nc6 3. Bb5 a6 4. Ba4 Nf6 5. Nc3 b5 6. Bb3 Be7 7. O-O O-O 8. Re1
d6 9. h3 Nd4 10. Nxd4 exd4 11. Nd5 Nxd5 12. Bxd5 Rb8 13. c3 Bf6 14. a4 Be6 15.
axb5 axb5 16. Qb3 Qc8 17. Bxe6 Qxe6 18. Qxe6 fxe6 19. Ra7 Rf7 20. f3 c5 21.
Rxf7 Kxf7 22. f4 d3 23. b3 Ra8 24. Kf2 c4 25. bxc4 bxc4 26. Bb2 Bd8 27. Rb1 Rb8
28. Ke1 Bh4+ 29. Kd1 Bg3 30. f5 exf5 31. exf5 Re8 0-1

[Event "I Open Odisseias"]
[Site "Lisboa POR"]
[Date "2015.08.12"]
[Round "6.7"]
[White "Santos, António P"]
[Black "Ferents, Andrey"]
[Result "0-1"]
[WhiteElo "2211"]
[BlackElo "2201"]
[WhiteFideId "1900161"]
[BlackFideId "14114941"]
[WhiteTitle "FM"]
[BlackTitle "NM"]
[PlyCount "82"]
[EventDate "2015.??.??"]

1. d4 d5 2. c4 e6 3. Nf3 Nf6 4. g3 Be7 5. Bg2 O-O 6. O-O Nbd7 7. Nc3 c6 8. Qc2
b6 9. e4 dxe4 10. Nxe4 Bb7 11. Rd1 Nxe4 12. Qxe4 Nf6 13. Qc2 Rc8 14. Bf4 Nh5
15. Be3 Qc7 16. c5 Rfd8 17. b4 g6 18. Rac1 Qb8 19. Qb3 Qc7 20. Bh3 Bf6 21. Ng5
Be7 22. Ne4 Rb8 23. Bg4 Qd7 24. Bxh5 gxh5 25. Bf4 Qd5 26. Qxd5 exd5 27. Bxb8
Rxb8 28. Nd2 Ba6 29. Nf3 Be2 30. Re1 Bxf3 31. Rxe7 bxc5 32. bxc5 Rb4 33. Rxa7
Rxd4 34. a4 Rb4 35. Ra1 d4 36. a5 d3 37. Rd7 Bd5 38. a6 d2 39. a7 Rc4 40. a8=Q+
Kg7 41. Qd8 Rc1+ 0-1

[Event "I Open Odisseias"]
[Site "Lisboa POR"]
[Date "2015.08.12"]
[Round "6.8"]
[White "Nanques, Hélder"]
[Black "Bolhari, Orfeh"]
[Result "0-1"]
[WhiteElo "2020"]
[BlackElo "2085"]
[WhiteFideId "1904043"]
[BlackFideId "12505218"]
[PlyCount "128"]
[EventDate "2015.??.??"]

1. b3 e5 2. Bb2 Nc6 3. e3 d5 4. Bb5 Bd6 5. Nf3 f6 6. d4 e4 7. Nfd2 f5 8. c4 a6
9. Ba4 Nf6 10. Nc3 Be6 11. cxd5 Nxd5 12. Bxc6+ bxc6 13. Rc1 Nb4 14. O-O O-O 15.
Na4 Nd3 16. Rc2 Rf6 17. f4 Rh6 18. Nc5 Bd5 19. Qe2 Nb4 20. Rcc1 Nxa2 21. Ra1
Nb4 22. Bc3 Nd3 23. Nxd3 exd3 24. Qxd3 Qh4 25. Nf3 Bxf3 26. Rxf3 Qxh2+ 27. Kf2
Qh4+ 28. Ke2 Rg6 29. Qxf5 Rxg2+ 30. Kd3 Rf8 31. Qe6+ Kh8 32. d5 cxd5 33. Ra4
Rg6 34. Qd7 Qh1 35. Rf2 Qb1+ 36. Kd2 Rg1 37. Ra1 Rd1+ 38. Ke2 Qd3+ 39. Kf3 Qe4+
40. Ke2 d4 41. Rxd1 Qxe3+ 42. Kf1 dxc3 43. Re1 Qd3+ 44. Kg2 Qg6+ 45. Kf1 c2 46.
Qc6 Qh5 47. Qxc2 Qh1+ 48. Ke2 Re8+ 49. Kd2 Qxe1+ 50. Kd3 Qe3+ 51. Kc4 Re4+ 52.
Kd5 Qd4+ 53. Kc6 Qb6+ 54. Kd7 Re7+ 55. Kc8 Qa7 56. Qc6 Qxf2 57. Kb7 Qb6+ 58.
Qxb6 cxb6+ 59. Kc6 Bxf4 60. b4 a5 61. b5 Re6+ 62. Kd7 Rd6+ 63. Ke7 a4 64. Kf7
a3 0-1

[Event "I Open Odisseias"]
[Site "Lisboa POR"]
[Date "2015.08.12"]
[Round "6.9"]
[White "Guerreiro, Raul"]
[Black "Ulyanovskyy, Vladimir"]
[Result "0-1"]
[WhiteElo "1979"]
[BlackElo "2111"]
[WhiteFideId "1905821"]
[BlackFideId "14120771"]
[PlyCount "78"]
[EventDate "2015.??.??"]

1. c4 c5 2. Nc3 Nc6 3. e3 g6 4. g3 Bg7 5. Bg2 e6 6. Nge2 Nge7 7. O-O O-O 8. d4
cxd4 9. exd4 d5 10. c5 b6 11. Bf4 Ba6 12. Bd6 Re8 13. Qa4 Qc8 14. Rfd1 Nf5 15.
Rac1 Qb7 16. b4 b5 17. Qa3 Ncxd4 18. g4 Nxe2+ 19. Nxe2 Nxd6 20. cxd6 Qb6 21.
Rc7 Rad8 22. d7 Re7 23. Rdc1 Bb7 24. Qd3 Rdxd7 25. R7c5 a6 26. h4 Rc7 27. h5
Rxc5 28. bxc5 Qc7 29. Nd4 Qf4 30. Ne2 Qxg4 31. hxg6 hxg6 32. c6 Bc8 33. c7 Be5
34. Qa3 Rxc7 35. Rxc7 Bxc7 36. Qc3 Qc4 37. Qe3 Qxa2 38. Nd4 Qa1+ 39. Bf1 Bb6
0-1

[Event "I Open Odisseias"]
[Site "Lisboa POR"]
[Date "2015.08.12"]
[Round "6.10"]
[White "Alexandre, Jorge Petrucci"]
[Black "Santos, Júlio"]
[Result "1-0"]
[WhiteElo "2250"]
[BlackElo "1923"]
[WhiteFideId "1900439"]
[BlackFideId "1900650"]
[WhiteTitle "NM"]
[BlackTitle "NM"]
[PlyCount "42"]
[EventDate "2015.??.??"]

1. f4 f5 2. Nf3 Nf6 3. b3 d6 4. Bb2 c5 5. e3 Nc6 6. Bb5 Bd7 7. O-O a6 8. Bxc6
Bxc6 9. d3 e6 10. Nbd2 Be7 11. Qe2 O-O 12. e4 Qd7 13. Rae1 fxe4 14. dxe4 Ne8
15. g3 Nc7 16. Nc4 b5 17. Nb6 Qd8 18. Nxa8 Qxa8 19. c4 Rb8 20. Nd2 b4 21. Qg4
Ne8 1-0

[Event "I Open Odisseias"]
[Site "Lisboa POR"]
[Date "2015.08.12"]
[Round "6.11"]
[White "Simões, John"]
[Black "Viela, André"]
[Result "0-1"]
[WhiteElo "1929"]
[BlackElo "2130"]
[WhiteFideId "3901157"]
[BlackFideId "1903748"]
[BlackTitle "NM"]
[PlyCount "111"]
[EventDate "2015.??.??"]

1. e4 e5 2. Nf3 Nc6 3. Bb5 a6 4. Ba4 Nf6 5. O-O Be7 6. Re1 b5 7. Bb3 d6 8. c3
Na5 9. Bc2 c5 10. h3 O-O 11. d4 Qc7 12. d5 c4 13. Be3 Nb7 14. Nbd2 Nc5 15. Nh2
g6 16. f3 Ne8 17. Qe2 Ng7 18. Qf2 Bd7 19. Bxc5 Qxc5 20. Qxc5 dxc5 21. Ndf1 Bd6
22. Ne3 f5 23. Rad1 h5 24. Rf1 f4 25. Neg4 hxg4 26. hxg4 g5 27. Kf2 Kf7 28. Rg1
a5 29. Nf1 a4 30. Nd2 a3 31. b3 cxb3 32. axb3 Rh8 33. Ra1 b4 34. c4 Ne8 35. Bb1
Nf6 36. Ba2 Rh2 37. Rh1 Rah8 38. Rxh2 Rxh2 39. Kg1 Rh8 40. Kf2 Bxg4 41. fxg4
Nxg4+ 42. Ke2 Ne3 43. Rg1 g4 44. Nf1 Nxf1 45. Kxf1 Rh2 46. Kf2 Be7 47. Rd1 f3
48. d6 Rxg2+ 49. Kf1 Rxa2 50. dxe7 Kxe7 51. Rd5 Ke6 52. Rxc5 g3 53. Ke1 g2 54.
Rc6+ Ke7 55. Rg6 f2+ 56. Kd1 0-1

[Event "I Open Odisseias"]
[Site "Lisboa POR"]
[Date "2015.08.12"]
[Round "6.12"]
[White "Pires, Emanuel"]
[Black "Meira, João Pedro"]
[Result "1-0"]
[WhiteElo "2101"]
[BlackElo "1909"]
[WhiteFideId "1914715"]
[BlackFideId "1911171"]
[PlyCount "67"]
[EventDate "2015.??.??"]

1. g3 Nf6 2. Bg2 g6 3. c4 Bg7 4. Nf3 O-O 5. Nc3 c5 6. b3 Nc6 7. Bb2 d5 8. Nxd5
Nxd5 9. Bxg7 Kxg7 10. cxd5 Qxd5 11. O-O Rd8 12. Rc1 Nb4 13. d4 cxd4 14. Rc4 Nc6
15. Nxd4 Qd6 16. Bxc6 bxc6 17. Qa1 Kg8 18. Nxc6 Rd7 19. Rfc1 Ba6 20. Rd4 Qe6
21. Rxd7 Qxd7 22. Qe5 e6 23. Qf6 Bb7 24. Ne5 Qd2 25. Qxf7+ Kh8 26. Qf6+ Kg8 27.
Qxe6+ Kh8 28. Qf6+ Kg8 29. Rf1 Rf8 30. Qe6+ Kh8 31. Qe7 Rb8 32. Qf6+ Kg8 33.
Ng4 Qd5 34. Nh6# 1-0

[Event "I Open Odisseias"]
[Site "Lisboa POR"]
[Date "2015.08.12"]
[Round "7.1"]
[White "Rocha, Sérgio"]
[Black "Moradiabadi, Elshan"]
[Result "0-1"]
[WhiteElo "2421"]
[BlackElo "2521"]
[WhiteFideId "1900404"]
[BlackFideId "12501255"]
[WhiteTitle "IM"]
[BlackTitle "GM"]
[PlyCount "110"]
[EventDate "2015.??.??"]

1. Nf3 d5 2. c4 d4 3. b4 f6 4. e3 e5 5. Qb3 a5 6. b5 Nh6 7. Bb2 a4 8. Qc2 a3 9.
Bc1 Bc5 10. Bd3 g6 11. exd4 Bxd4 12. Nc3 Bf5 13. Be4 Nd7 14. O-O Bxe4 15. Qxe4
Nc5 16. Qc2 Nf5 17. Rb1 O-O 18. Ne4 Qd7 19. Re1 b6 20. h3 Kg7 21. Nxd4 Nxd4 22.
Nxc5 bxc5 23. Qd3 Qf5 24. Qxf5 gxf5 25. d3 f4 26. Bd2 f3 27. Be3 Rfd8 28. Bxd4
Rxd4 29. Rb3 fxg2 30. Kxg2 Kf7 31. Re3 h5 32. Kf1 Ke6 33. Ke2 Ra4 34. b6 cxb6
35. Rxb6+ Rd6 36. Rb5 Rb4 37. Rxb4 cxb4 38. Kd2 Rd4 39. Kc2 Rf4 40. f3 Kd6 41.
Kb3 Kc5 42. Ka4 Rh4 43. Re4 Rxh3 44. f4 Rh4 45. Re2 Rxf4 46. Rg2 h4 47. Rg8 h3
48. Rc8+ Kd4 49. Rd8+ Kc3 50. c5 b3+ 51. Kxa3 b2 52. Rb8 h2 53. c6 h1=Q 54. c7
b1=N+ 55. Rxb1 Qa8# 0-1

[Event "I Open Odisseias"]
[Site "Lisboa POR"]
[Date "2015.08.12"]
[Round "7.2"]
[White "Martinez, Lelys"]
[Black "Dâmaso, Rui"]
[Result "1-0"]
[WhiteElo "2541"]
[BlackElo "2396"]
[WhiteFideId "3504727"]
[BlackFideId "1900030"]
[WhiteTitle "GM"]
[BlackTitle "IM"]
[PlyCount "97"]
[EventDate "2015.??.??"]

1. Nf3 Nf6 2. c4 g6 3. g3 c5 4. Bg2 Nc6 5. O-O d6 6. b3 Bg7 7. Bb2 O-O 8. d4
cxd4 9. Nxd4 Bd7 10. Nc2 a6 11. Nc3 Qa5 12. Nd5 Nxd5 13. Bxg7 Nc3 14. Bxc3 Qxc3
15. Ne3 Be6 16. Rc1 Qa5 17. Qc2 Rac8 18. Qb2 b5 19. c5 dxc5 20. Rxc5 Nb8 21.
Rfc1 Rxc5 22. Rxc5 Qe1+ 23. Bf1 Nd7 24. Rc3 Bf5 25. Nxf5 gxf5 26. b4 Nb6 27.
Rc1 Nc4 28. Rxe1 Nxb2 29. Rc1 Rd8 30. e3 Rd2 31. Rc6 Nd1 32. Rxa6 Nxf2 33. Bxb5
Ng4 34. Bc6 e5 35. h3 Rd1+ 36. Kg2 Rd2+ 37. Kf1 Nxe3+ 38. Ke1 Rb2 39. b5 e4 40.
b6 Ng2+ 41. Kd1 Ne3+ 42. Ke1 Ng2+ 43. Kf1 Ne3+ 44. Kg1 Rg2+ 45. Kh1 Rf2 46. Bb5
Rb2 47. b7 Rb1+ 48. Kh2 Rb2+ 49. Kg1 1-0

[Event "I Open Odisseias"]
[Site "Lisboa POR"]
[Date "2015.08.12"]
[Round "7.3"]
[White "Foisor, Sabina-Francesca"]
[Black "Silva, Luís M"]
[Result "1/2-1/2"]
[WhiteElo "2223"]
[BlackElo "2320"]
[WhiteFideId "1212915"]
[BlackFideId "1919121"]
[WhiteTitle "WGM"]
[BlackTitle "FM"]
[PlyCount "52"]
[EventDate "2015.??.??"]

1. d4 Nf6 2. c4 g6 3. Nc3 d5 4. Bg5 Bg7 5. Bxf6 Bxf6 6. cxd5 c6 7. dxc6 Nxc6 8.
e3 O-O 9. Nf3 Qa5 10. Bd3 e5 11. O-O exd4 12. exd4 Bg4 13. Qa4 Qxa4 14. Nxa4
Rfd8 15. Be2 Rab8 16. Nc5 Bf5 17. Rad1 Nb4 18. d5 Bxb2 19. Bc4 Bf6 20. Bb3 h5
21. h3 Bc8 22. Nd4 Bg7 23. Ne4 Bd7 24. d6 Nc6 25. Nf3 Be8 26. Neg5 Rd7 1/2-1/2

[Event "I Open Odisseias"]
[Site "Lisboa POR"]
[Date "2015.08.12"]
[Round "7.4"]
[White "Pereira, António Caramez"]
[Black "Ferents, Andrey"]
[Result "1/2-1/2"]
[WhiteElo "2093"]
[BlackElo "2201"]
[WhiteFideId "1904485"]
[BlackFideId "14114941"]
[BlackTitle "NM"]
[PlyCount "30"]
[EventDate "2015.??.??"]

1. Nf3 d5 2. d4 Nf6 3. c4 e6 4. Nc3 Be7 5. Bf4 O-O 6. e3 b6 7. Rc1 Bb7 8. cxd5
exd5 9. Bd3 c5 10. O-O c4 11. Bb1 Nbd7 12. h3 Rc8 13. Ne5 a6 14. f3 b5 15. a3
Qb6 1/2-1/2

[Event "I Open Odisseias"]
[Site "Lisboa POR"]
[Date "2015.08.12"]
[Round "7.5"]
[White "Ulyanovskyy, Viktor"]
[Black "Bolhari, Orfeh"]
[Result "1-0"]
[WhiteElo "2348"]
[BlackElo "2085"]
[WhiteFideId "14113350"]
[BlackFideId "12505218"]
[WhiteTitle "FM"]
[PlyCount "83"]
[EventDate "2015.??.??"]

1. e4 e5 2. Nf3 Nc6 3. Bb5 Nf6 4. d3 Bc5 5. O-O d6 6. c3 O-O 7. Bg5 h6 8. Bh4
a6 9. Bxc6 bxc6 10. d4 exd4 11. cxd4 Bb6 12. Qc2 g5 13. Bg3 Bg4 14. Nbd2 Re8
15. e5 Nh5 16. Qxc6 Nxg3 17. hxg3 Re6 18. Rfe1 dxe5 19. Qe4 f5 20. Qc2 Bxf3 21.
Nxf3 e4 22. Qc4 Qd6 23. d5 Ree8 24. Nd4 Rf8 25. g4 fxg4 26. Rxe4 Rf4 27. Rxf4
Qxf4 28. d6+ Qf7 29. Qxf7+ Kxf7 30. Nf5 Kg6 31. Ne7+ Kf7 32. Nd5 Rc8 33. Re1
Bd4 34. Re7+ Kf8 35. Rxc7 Rd8 36. d7 g3 37. Rc8 gxf2+ 38. Kf1 Bf6 39. Nxf6 Ke7
40. Rxd8 Kxd8 41. Kxf2 Ke7 42. b4 1-0

[Event "I Open Odisseias"]
[Site "Lisboa POR"]
[Date "2015.08.12"]
[Round "7.6"]
[White "Marques, Rui"]
[Black "Alexandre, Jorge Petrucci"]
[Result "0-1"]
[WhiteElo "2030"]
[BlackElo "2250"]
[WhiteFideId "1903390"]
[BlackFideId "1900439"]
[BlackTitle "NM"]
[PlyCount "22"]
[EventDate "2015.??.??"]

1. e4 e6 2. d4 d5 3. Nc3 Nf6 4. e5 Nfd7 5. f4 c5 6. Nf3 Nc6 7. Be3 f6 8. exf6
Qxf6 9. Bb5 cxd4 10. Nxd4 Bc5 11. Qd2 Nxd4 0-1

[Event "I Open Odisseias"]
[Site "Lisboa POR"]
[Date "2015.08.12"]
[Round "7.7"]
[White "Oliveira, Marco"]
[Black "Santos, António P"]
[Result "0-1"]
[WhiteElo "2029"]
[BlackElo "2211"]
[WhiteFideId "1901583"]
[BlackFideId "1900161"]
[BlackTitle "FM"]
[PlyCount "88"]
[EventDate "2015.??.??"]

1. Nf3 Nf6 2. d4 c5 3. d5 e6 4. c4 exd5 5. cxd5 d6 6. Nc3 g6 7. Bg5 h6 8. Bf4
a6 9. a4 Bg7 10. Qd2 g5 11. Bg3 O-O 12. e3 Bf5 13. Bd3 Bxd3 14. Qxd3 Qb6 15.
O-O Nh5 16. Ne4 Nxg3 17. Nxg3 Nd7 18. Nf5 Rfe8 19. a5 Qc7 20. Rfc1 Ne5 21. Nxe5
Rxe5 22. e4 Rae8 23. f3 Qd7 24. Rc4 Rxf5 25. exf5 Bxb2 26. Rb1 Bf6 27. Re4 Rc8
28. Rbe1 Kg7 29. g4 Qc7 30. Qb3 c4 31. Qc2 Qxa5 32. h4 Qxd5 33. hxg5 hxg5 34.
R1e2 Qc5+ 35. Kg2 d5 36. Re5 Qd6 37. f4 d4 38. Qe4 Qc6 39. Rd5 Re8 40. Qxe8
Qxd5+ 41. Qe4 Qxe4+ 42. Rxe4 c3 43. fxg5 Bxg5 44. Rxd4 c2 0-1